Gims en chiffres - Clic Quiz - Statistiques

Statistiques générales
  • Ce quiz a été pris 345 fois
  • Le résultat moyen est 7 sur 15
Statistiques - réponses
Hint Réponse % Correct
Son âge 37
73%
Nombre de vues sur Youtube 6,5 milliards
66%
Nombre de frères et sœurs 14
61%
Nombre d'albums studio (hors rééditions) 5
58%
Début en solo 2013
53%
Hymne de la Coupe du monde au Qatar 2022
53%
Nombre de titres sur l’album " Ceinture noire " 34
52%
Formation de la Sexion d'Assaut 2002
45%
Nombre d'abonnés YouTube 11,4 millions
39%
Nombre d'abonnés Instagram 3,2 millions
36%
Nombre d’albums vendus 3,7 millions
32%
Concert au Stade de France (Fuego Tour) 2019
29%
Publie son manga " Devil's Relics " 2018
26%
Documentaire sur Netflix 2020
24%
Mariage avec DemDem 2005
21%
Aucun quiz correspondant
Distribution des résultats
% des personnes avec chaque résultat
Percentile par nombre de réponses
Votre historique - résultats
Vous n’avez pas pris ce quiz